| 000 | 00503nam a22001817a 4500 | ||
|---|---|---|---|
| 003 | OSt | ||
| 005 | 20240215101425.0 | ||
| 008 | 170515t xxu||||| |||| 00| 0 eng d | ||
| 020 | _a9787112075232 | ||
| 040 | _c0 | ||
| 082 |
_a720.922 _bHOD |
||
| 245 | 0 | 0 | _aHodgetts + Fung. |
| 260 |
_bChina Architectue & Building press, _c2005. |
||
| 300 |
_a155 p.: _bill; _c29 cm. |
||
| 651 |
_aArchitecture, Modern _9120458 |
||
| 651 |
_aHodgetts + Fung (Firm) _9120459 |
||
| 942 |
_2ddc _cBK _aSADA _k720.922 HOD 2005 |
||
| 999 |
_c607740 _d607740 |
||